000 00268nam a22001097a 4500
008 170120b xxu||||| |||| 00| 0 eng d
020 _a9780205269938
041 _aeng
080 _24TH
_a618.2
245 _aMENTAL HEALTH AND SOCIAL POLICY
_cMECHANIC. D
942 _2udc
_cBK
999 _c3311
_d3311